Forest soil science (Record no. 35559)

MARC details
000 -LEADER
fixed length control field 00351nam a2200133Ia 4500
082 ## - DEWEY DECIMAL CLASSIFICATION NUMBER
Classification number 630*114
Item number REM
100 ## - MAIN ENTRY--AUTHOR NAME
Personal name PROGREBNYAK, P S
245 #0 - TITLE STATEMENT
Title Forest soil science
260 ## - PUBLICATION, DISTRIBUTION, ETC. (IMPRINT)
Place of publication Jerusalem
Name of publisher Israel program for Sc Translation
Year of publication 1969
650 ## - SUBJECT ADDED ENTRY--TOPICAL TERM
Topical Term Forest soils
700 ## - ADDED ENTRY--PERSONAL NAME
Personal name REMEZOV, N P
942 ## - ADDED ENTRY ELEMENTS (KOHA)
Koha item type Books
Holdings
Withdrawn status Lost status Damaged status Not for loan Home library Current library Date acquired Full call number Accession Number Koha item type
        RRII Library RRII Library 16/12/2021 630*114 REM 15983 Books